| 000 | 01158nam0a22002891 4500 | ||
|---|---|---|---|
| 001 | rc\854752 | ||
| 005 | 20250622105201.0 | ||
| 035 | _a(NLR Aleph) 006251007 | ||
| 090 |
_a6751769 _c6751769 |
||
| 100 | _a20041129d1983 |||y0rusy50 ca | ||
| 101 | 0 | _arus | |
| 102 | _aRU | ||
| 105 | _aa ||||||||| | ||
| 200 | 1 |
_aОсновы конструирования электрических источников света _fП.В. Пляскин, В.В. Федоров, Ю.А. Буханов |
|
| 210 |
_aМ. _cЭнергоатомиздат _d1983 |
||
| 215 |
_a360 с. _cил. _d20 |
||
| 225 | 1 | _aДля учащихся техникумов | |
| 300 | _aВ предисл. авт.: кандидаты техн. наук П.В. Пляскин, В.В. Федоров | ||
| 320 | _aБиблиогр.: с. 353-354 | ||
| 700 | 1 |
_aПляскин _bП.В. _gПавел Владимирович |
|
| 701 | 1 |
_aФедоров _bВ.В. _gВладимир Владимирович |
|
| 701 | 1 |
_aБуханов _bЮ.А. _gЮрий Александрович |
|
| 801 | 0 |
_aRU _bNLR _gpsbo |
|
| 801 | 1 |
_aRU _bELAR _2rusmarc |
|
| 852 |
_aNLR _j83-3/8571 |
||
| 942 | _cBOOK | ||
| 980 | _aNB | ||